000
00288nam a2200121Ia 4500
003
OSt
005
20230706112112.0
008
170524s9999 xx 000 0 und d
040
_c
IIMT UNIVERSITY
100
_a
GANDHI- MEETA
245
0
_a
THA C ODYSSEY: UNIX C++ & GRAPHICS
942
_2
ddc
_c
02
999
_c
3619
_d
3619